Comentarios al Cd̤igo Penal artc̕ulos 1 a 137

Detalles Bibliográficos
Autor principal: Martn̕ez Atienza, Gorgonio
Formato: eBook
Lenguaje:español
Publicado: Barcelona : Editorial vLex, 2013
Materias:
Acceso en línea:http://www.vlex.es/source/11241

MARC

LEADER 00000nam a22000007a 4500
005 20130607144040.0
007 cr|||| ||||
008 130607e2013 sp |||||s|||| 00||0 spa d
035 |a 11241 
040 |a vLex 
090 |c 4287  |d 4287 
100 1 0 |a Martn̕ez Atienza, Gorgonio 
245 1 0 |a Comentarios al Cd̤igo Penal artc̕ulos 1 a 137  |c / Gorgonio Martn̕ez Atienza  |h [Recurso electrn̤ico]  
256 |a Servicio en ln̕ea 
260 |a Barcelona :  |b Editorial vLex,   |c 2013 
300 |a 1 Recurso electrn̤ico 
506 |d vLex Global  |d vLex Global (Academic Edition, excluding Law Schools)  |d vLex Global (U.S. Academic Edition, Law Schools)  |d vLex Global (U.S. Academic Edition, excluding Law Schools)  |d vLex Global (Academic Edition, Law Schools) 
650 4 |a Derecho penal  |z Espaą 
740 |a vLex Libros (Servicio en ln̕ea) 
856 |b Acceso restringido  |u http://www.vlex.es/source/11241 
942 |c BOOK 
999 0 |a Criminal law